000 00776nam a22002777a 4500
001 BR2013008520
003 BR-BrBNA
005 20230928104309.0
007 ta
008 230509b bl.||||| |||| 00| 0 por d
040 _aBR-BrBNA
_bpor
_cBiblioteca Nacional de Agricultura
041 _a(Por)
072 _aQ01
_b9320
090 _ 9320 BR2013008520
100 1 _aClemente, P.R.
110 1 _aUniversidade Federal de Lavras, MG (Brasil). Depto de Ciência dos Alimentos
245 1 _aTecnologia de produção de açúcar
260 3 _aLavras, MG (Brasil):
_c[nd].
300 _a35 p.
500 _a10 ref.; 22 illus
650 _aTECNOLOGIA DE ALIMENTO
650 _aPRODUÇÃO
650 _aAÇÚCAR
909 _a202309
_bLucia
_c55
_dLucia Elande
942 _cBK
999 _c79160
_d79160